000 00437nam a22001577a 4500
999 _c5359
_d5359
008 170317b xxu||||| |||| 00| 0 eng d
020 _a978-81-265-1605-6
082 _a658.151 SHA
100 _aSHAPIRO Alan C.
245 _aMultinational Financial Mangement
_cAlan Shapiro
_hEnglish
250 _a8th ed.
260 _aIndia
_bWiley
_c2006
300 _a745p
_c23cm
650 _2Multinational Financial Management
942 _2ddc
_cBOOKS